000
003100000a22001450004500
003
MACL
040
_a
MACL
090
_c
32988
_d
32986
100
_a
Sharma, P D
245
_a
Ecology and Environment
260
_b
Rastogi Publications
_c
2001
350
_a
157.50
650
_a
Ecology
942
_c
BOOK
_k
577/SHA
999
_c
32651
_d
32651